Equity and the law of trusts. / (Record no. 5478)
[ view plain ]
| 000 -LEADER | |
|---|---|
| fixed length control field | 01066nam a22001697a 4500 |
| 008 - FIXED-LENGTH DATA ELEMENTS--GENERAL INFORMATION | |
| fixed length control field | 150512b xxu||||| |||| 00| 0 eng d |
| 020 ## - INTERNATIONAL STANDARD BOOK NUMBER | |
| International Standard Book Number | 040664165x |
| 050 ## - LIBRARY OF CONGRESS CALL NUMBER | |
| Classification number | KD1480.P48 |
| 100 ## - MAIN ENTRY--PERSONAL NAME | |
| Personal name | Pettit, Philip H. |
| 245 ## - TITLE STATEMENT | |
| Title | Equity and the law of trusts. / |
| Statement of responsibility, etc. | Philip H. Pettit. |
| 250 ## - EDITION STATEMENT | |
| Edition statement | 4th ed. |
| 260 ## - PUBLICATION, DISTRIBUTION, ETC. | |
| Place of publication, distribution, etc. | London: |
| Name of publisher, distributor, etc. | Butterworths, |
| Date of publication, distribution, etc. | 1979. |
| 300 ## - PHYSICAL DESCRIPTION | |
| Extent | lviii, 594p.: |
| Dimensions | 24cm |
| 500 ## - GENERAL NOTE | |
| General note | Includes index. |
| 505 ## - FORMATTED CONTENTS NOTE | |
| Formatted contents note | Contents: History of the court of chancery and introduction to equity -- The Definition and classification of trusts -- Express trusts -- Implied, resulting and constructive trusts -- Void and voidable trusts -- Charitable trusts -- The Administration of charities -- Trustees appointment and determination of appointment -- Duties and disabilities of trustees-i -- Duties and disabilities of trustees-ii -- Powers of trustees -- Breach of trust -- Injunctions -- Specific performance -- Other equitable remedies -- Conversion and reconversion -- Satisfaction, ademption and performance -- The Equitable doctrine of election. |
| 942 ## - ADDED ENTRY ELEMENTS (KOHA) | |
| Source of classification or shelving scheme | Library of Congress Classification |
| Koha item type | Books |
| Withdrawn status | Lost status | Source of classification or shelving scheme | Damaged status | Not for loan | Home library | Current library | Shelving location | Date acquired | Total Checkouts | Full call number | Barcode | Date last seen | Price effective from | Koha item type |
|---|---|---|---|---|---|---|---|---|---|---|---|---|---|---|
| Library of Congress Classification | WISCONSIN INTERNATIONAL UNIVERSITY COLLEGE, GHANA - MAIN LIBRARY | WISCONSIN INTERNATIONAL UNIVERSITY COLLEGE, GHANA - MAIN LIBRARY | Law Library | 12/05/2015 | KD1480.P48 | 069/15 | 12/05/2015 | 12/05/2015 | Books |
